000 00858nam a2200253Ia 4500
003 OSt
005 20221005112952.0
006 a|||||r|||| 00| 0
007 ta
008 221004b |||||||| |||| 00| 0 pan d
020 _c100
024 _a107386
037 _b511, 02/02/2011, H.K. Prakashan
_cTextual
040 _aCRL
_cCRL
_bpan
041 _2pan
_apan
082 _aO153,3:g, P4
100 _aਰਾਹੀ, ਜੋਗਿੰਦਰ ਸਿੰਘ
245 0 _aਮਸਲੇ ਗਲਪ ਦੇ
260 _aਦਿੱਲੀ
_bਨਾਨਕ ਸਿੰਘ ਪੁਸਤਕ ਮਾਲਾ ਭਾਰਤ
_c2004
300 _a96ਪੰ
_ccm.
650 _aਪੰਜਾਬੀ ਸਾਹਿਤ
942 _hO153,3:g, P4
_cTEXL
_2cc
999 _c1026609
_d1026609